|
|
|
|
| LEADER |
00910nab a2200229 i 4500 |
| 001 |
tort498 |
| 005 |
20221117095559.0 |
| 008 |
221117s2002 hu o 0|| zxx d |
| 022 |
|
|
|a 0133-0500
|
| 040 |
|
|
|a PEREPO TORTENET
|b hun
|
| 041 |
|
|
|a zxx
|
| 100 |
1 |
|
|a Kerkai Attila
|
| 245 |
1 |
0 |
|a Tényleg ez lenne a kezdet?
|h [elektronikus dokumentum] :
|b Bérces Edit úgy érzi, hogy mostani világrekordja is még túlszárnyalható /
|c Attila Kerkai
|
| 260 |
|
|
|a Zalai Hírlap Kiadói Bt.
|b Zalaegerszeg, Magyarország
|c 2002-09-28
|
| 300 |
|
|
|a 1-21
|
| 490 |
0 |
|
|a Zalai Hírlap
|v 58 No. 227
|
| 695 |
|
|
|a Bérces Edit
|
| 695 |
|
|
|a interjú
|
| 695 |
|
|
|a sport
|
| 695 |
|
|
|a futás
|
| 695 |
|
|
|a ultramaraton
|
| 856 |
4 |
0 |
|u https://perepo-tortenet.uni-pannon.hu/id/eprint/498/1/2002-09-28_zalai_h%C3%ADrlap_T%C3%A9nyleg%20ez%20lenne%20a%20kezdet%20%2858.%20%C3%A9vf.%20227.%20sz.%2C%20p.%201.%2C%2021.%29.pdf
|z Dokumentum-elérés
|